[Event "POL-chT2"]
[Site "Poronin POL"]
[Date "2016.09.11"]
[Round "9.28"]
[White "Sztwiertnia, Jan Krzysztof"]
[Black "Reza, Wojciech"]
[Result "0-1"]
[WhiteElo "2128"]
[BlackElo "2310"]
[EventDate "2016.09.02"]

1.e4 c5 2.Nc3 Nc6 3.Bb5 Nd4 4.Bc4 e6 5.Nge2 Ne7 6.O-O Nec6 7.d3 Be7 8.f4 
d6 9.f5 O-O 10.a3 exf5 11.Ng3 fxe4 12.dxe4 Ne5 13.Ba2 Bg4 14.Qd2 h6 15.Nd5
Bg5 16.Qf2 Bh4 17.Re1 Be6 18.Bf4 Ng6 19.Be3 Bxg3 20.hxg3 Nc6 21.Rad1 Nce5 
22.Bc1 Ng4 23.Qe2 N6e5 24.Rf1 Rc8 25.Qb5 Rb8 26.a4 a6 27.Qe2 b5 28.axb5 
axb5 29.c3 c4 30.Bb1 Bxd5 31.exd5 g6 32.Kh1 f5 33.Rd4 Qd7 34.Rdf4 Rbe8 35.
Qd2 Qg7 36.Bc2 Nd7 37.R4f3 Nc5 38.Qf4 Qe5 39.Bd2 Qxd5 40.Rd1 Ne6 41.Qxg4 
fxg4 42.Rxf8+ Rxf8 0-1

[Event "POL-chT2"]
[Site "Poronin POL"]
[Date "2016.09.11"]
[Round "9.29"]
[White "Schmidt, Wlodzimierz"]
[Black "Szajda, Marcin"]
[Result "1-0"]
[WhiteElo "2289"]
[BlackElo "2033"]
[EventDate "2016.09.02"]

1.d4 Nf6 2.c4 g6 3.Nc3 Bg7 4.e4 d6 5.Nf3 O-O 6.Be2 e5 7.O-O Nbd7 8.Re1 c6 
9.Bf1 h6 10.d5 c5 11.g3 Nh7 12.Nh4 Ng5 13.Be3 Nf6 14.f3 Nh5 15.Kh1 a6 16.
a4 Bd7 17.Be2 Qe8 18.Ng2 Bh3 19.a5 Bxg2+ 20.Kxg2 Qd7 21.Bxg5 hxg5 22.Qd2 
Bh6 23.b4 Kh7 24.bxc5 g4 25.Qb2 gxf3+ 26.Bxf3 f5 27.Bxh5 gxh5 28.exf5 dxc5
29.Rf1 h4 30.Qe2 Qe7 31.Ne4 Rg8 32.Qh5 Raf8 33.Rab1 Qf7 34.Qxh4 Qg7 35.Rb6
Rf7 36.Rg6 Qf8 37.Ng5+ 1-0

[Event "POL-chT2"]
[Site "Poronin POL"]
[Date "2016.09.11"]
[Round "9.30"]
[White "Chmiel, Dominika"]
[Black "Dmochowska, Agnieszka"]
[Result "1-0"]
[WhiteElo "2102"]
[BlackElo "1995"]
[EventDate "2016.09.02"]

1.e4 c5 2.Nf3 Nc6 3.d4 cxd4 4.Nxd4 Nf6 5.Nc3 d6 6.Bg5 e6 7.Qd2 a6 8.O-O-O 
Be7 9.f4 Bd7 10.Be2 Rc8 11.Bf3 Qc7 12.Kb1 Na5 13.Be2 b5 14.e5 b4 15.Ncb5 
Qb6 16.Nxd6+ Bxd6 17.exf6 g6 18.Nxe6 Bxe6 19.Qxd6 Qxd6 20.Rxd6 Nc4 21.Bxc4
Rxc4 22.Rhd1 O-O 23.Bh6 Re8 24.Rxe6 fxe6 25.Rd7 Rec8 26.f7+ Kh8 27.g3 Re4 
28.b3 1-0